00491nam a22001811a 45000010005000000030004000050050017000090080041000260200015000670500022000820820022001041000021001262450051001472640029001983000010002275000019002376500053002563598OSt20260204211856.0041208s2004||||dr ||||||b||||||||||spa|| a9993496081 aRD 321.87293 A86s aRD 321.87293 A86s aAbreu, Radamés aHacia donde va la democracia / Radamés Abreu aSanto Domingo : Manatí a122 p aIncluye indice a1.Democracia Moderna - República DominicanaÌ